Lana Del Rey Most Streamed Songs A-Z - Statistics

General Stats
  • This quiz has been taken 36 times
  • The average score is 12 of 23
Answer Stats
Letter Streams Song % Correct
S 2.05b Summertime sadness
91%
V 1.25b Video games
83%
U 478m Ultraviolence
78%
W 1.09b West Coast
78%
B 992m Brooklyn baby
74%
C 980m Cinnamon Girl
65%
# 139m 13 Beaches
61%
R 763m Radio
61%
N 556m National anthem
57%
D 861m Doin' Time
52%
T 178m This is what makes us girls
52%
A 496m Art Deco
48%
L 431m Let The Light In
48%
P 414m Pretty When You Cry
43%
Y 80m Yayo
43%
K 29m Kintsugi
39%
F 254m Fuck it I love you
35%
H 428m Happiness is a butterfly
35%
J 18m Judah Smith Interlude
35%
M 382m Margaret
35%
O 336m The Other Woman
35%
I 179m In My Feelings
30%
G 169m Gods & Monsters
22%
No matching quizzes found
Score Distribution
Percent of People with Each Score
Percentile by Number Answered
Your Score History
You have not taken this quiz